000 01388nam a2200325 a 4500
001 000022062
003 DO-SdBNP
005 20240409073640.0
007 ta
008 100916t2000 dr ac 001 0dspa d
020 _a9993427004
040 _aDO-SdBNP
_bspa
_cBNPHU
082 4 _a972.93053
_bE79u, 1960-61, 2000
_222
100 1 _aVega, Bernardo,
_d1938 -
_93222
245 1 4 _aLos Estados Unidos y Trujillo : los días finales: 1960-61 :
_bcolección de documentos del Departamento de Estado, la CIA y los archivos del Palacio Nacional Dominicano /
_cBernardo Vega.
250 _a2a. ed.
260 _aSanto Domingo :
_bFundación Cultural Dominicana,
_c2000.
300 _a786 p. :
_bil., retrs. ;
_c27 cm.
500 _aIncluye datos biográficos del autor en las solapas.
500 _aIncluye índice onomástico.
504 _aIncluye referencias bibliograficas y notas al pie de las páginas.
504 _aBibliografía : p. 767-783.
590 _aInventariado, 2022/BT
600 1 0 _aTrujillo Molina, Rafael Leónidas,
_d 1891-1961
_976764
651 4 _aEstados Unidos
_xRelaciones Exteriores
_zRepública Dominicana
_96309
651 4 _aRepública Dominicana
_xRelaciones Exteriores
_zEstados Unidos
_96308
651 4 _aRepública Dominicana
_xPolítica y gobierno
_yEra de Trujillo, 1930-1961
_91374
910 _aValidado. Control de calidad EMS.
942 _2ddc
_cLBS1
999 _c21560
_d21560